[Event "African Individual Championshi"]
[Site "Windhoek"]
[Date "2007.09.05"]
[Round "5"]
[White "Hassan, Sayed Barakat"]
[Black "El Gindy, Essam"]
[Result "1-0"]
[WhiteElo "2375"]
[BlackElo "2507"]
[PlyCount "53"]
[EventDate "2007.09.01"]

1. e4 c5 2. Nc3 e6 3. g3 a6 4. Bg2 Nc6 5. d3 b5 6. f4 Bb7 7. Nf3 Nge7 8. Be3 d6
9. O-O Qd7 10. Qd2 g6 11. e5 Nd5 12. Ne4 f5 13. exf6 O-O-O 14. Bf2 h6 15. c4
Nc7 16. a3 g5 17. fxg5 hxg5 18. Nfxg5 bxc4 19. dxc4 Ne5 20. Qe2 Nf7 21. Be3
Nxg5 22. Nxg5 d5 23. Bf4 d4 24. Bxb7+ Kxb7 25. Bxc7 Qxc7 26. Qg2+ Qc6 27. Nf7
1-0

[Event "African Individual Championshi"]
[Site "Windhoek"]
[Date "2007.09.05"]
[Round "5"]
[White "Belkhodja, Slim"]
[Black "Onabogun, Kolade"]
[Result "1-0"]
[WhiteElo "2478"]
[BlackElo "1890"]
[PlyCount "93"]
[EventDate "2007.09.01"]

1. e4 c5 2. f4 Nc6 3. Nf3 g6 4. Bb5 Bg7 5. Bxc6 bxc6 6. O-O Nh6 7. d3 O-O 8.
Nc3 f6 9. f5 Nf7 10. fxg6 hxg6 11. Be3 d6 12. Qd2 Rb8 13. b3 Rb7 14. Rf2 e5 15.
Raf1 f5 16. g3 Be6 17. Ng5 Nxg5 18. Bxg5 Qe8 19. Bh6 Bxh6 20. Qxh6 Rh7 21. Qe3
Rff7 22. Nd1 Qf8 23. Qg5 Qe7 24. Qxe7 Rxe7 25. Ne3 fxe4 26. dxe4 Rhf7 27. c4
Rxf2 28. Rxf2 Rf7 29. h4 Rxf2 30. Kxf2 Kf7 31. g4 Kf6 32. Ke2 Kg7 33. Kd3 Kh6
34. Ke2 Bc8 35. a3 a5 36. Kf3 Be6 37. Kg3 Bc8 38. Nd1 Be6 39. g5+ Kh5 40. Nc3
Bg4 41. Na4 Bc8 42. Nb6 Be6 43. Na8 Bf7 44. Nc7 d5 45. cxd5 cxd5 46. exd5 a4
47. Ne6 1-0

[Event "African Individual Championshi"]
[Site "Windhoek"]
[Date "2007.09.05"]
[Round "5"]
[White "Sarwat, Walaa"]
[Black "Abdel Razik, Khaled"]
[Result "1/2-1/2"]
[WhiteElo "2388"]
[BlackElo "2372"]
[PlyCount "20"]
[EventDate "2007.09.01"]

1. e4 c5 2. Nf3 Nc6 3. Bb5 e6 4. Bxc6 bxc6 5. O-O Nf6 6. e5 Nd5 7. d3 f6 8.
Nbd2 Qc7 9. Nc4 Be7 10. Re1 O-O 1/2-1/2

[Event "African Individual Championshi"]
[Site "Windhoek"]
[Date "2007.09.05"]
[Round "5"]
[White "Khetho, Phemelo"]
[Black "Adu, Oladapo"]
[Result "1/2-1/2"]
[WhiteElo "2240"]
[BlackElo "2294"]
[PlyCount "133"]
[EventDate "2007.09.01"]

1. e4 c5 2. Nf3 e6 3. d4 cxd4 4. Nxd4 Qb6 5. Nb3 Nc6 6. Be3 Qc7 7. Bd3 Nf6 8.
O-O Be7 9. Nc3 a6 10. a4 b6 11. f4 d6 12. Be2 Bb7 13. Bf3 Rc8 14. Qe2 Nb8 15.
Qf2 Nbd7 16. Qg3 O-O 17. Rad1 Rfd8 18. Rd2 Nc5 19. Nxc5 bxc5 20. e5 Ne8 21. f5
dxe5 22. fxe6 fxe6 23. Bxb7 Qxb7 24. Qxe5 Qc6 25. Rdf2 Nf6 26. h3 Rf8 27. Bg5
Rce8 28. Qg3 Kh8 29. Qh4 Qb7 30. b3 Qb4 31. Qxb4 cxb4 32. Nd1 h6 33. Be3 Rc8
34. g4 Rfd8 35. Kg2 Rc6 36. Re2 Rdc8 37. Rff2 Ne4 38. Rf7 Rxc2 39. Rxc2 Rxc2+
40. Kf3 Ng5+ 41. Bxg5 Bxg5 42. Ra7 Rd2 43. Nf2 Bh4 44. Ne4 Rd3+ 45. Kf4 Rxb3
46. Rxa6 Rxh3 47. Rxe6 Ra3 48. Ra6 b3 49. Rb6 Kh7 50. g5 hxg5+ 51. Nxg5+ Bxg5+
52. Kxg5 Rxa4 53. Rxb3 Ra5+ 54. Kg4 Kh6 55. Re3 g6 56. Rc3 Ra1 57. Rc5 Ra4+ 58.
Kg3 Rd4 59. Ra5 Rd1 60. Rb5 Rg1+ 61. Kh3 Rc1 62. Kg4 Rc4+ 63. Kg3 g5 64. Rb8
Kg6 65. Rg8+ Kf6 66. Rf8+ Kg7 67. Ra8 1/2-1/2

[Event "African Individual Championshi"]
[Site "Windhoek"]
[Date "2007.09.05"]
[Round "5"]
[White "Adly, Ahmed"]
[Black "Mwali, Chitumbo"]
[Result "1-0"]
[WhiteElo "2488"]
[BlackElo "2163"]
[PlyCount "77"]
[EventDate "2007.09.01"]

1. Nf3 Nf6 2. g3 d5 3. Bg2 c6 4. O-O Bg4 5. c4 Nbd7 6. d3 dxc4 7. dxc4 Bxf3 8.
exf3 Nc5 9. Be3 Qxd1 10. Rxd1 e6 11. Nc3 Ncd7 12. g4 Ne5 13. b3 Bb4 14. Na4 O-O
15. a3 Ba5 16. g5 Nh5 17. Nc5 Rfb8 18. f4 Ng6 19. Nxb7 Rxb7 20. Bxc6 Rbb8 21.
Bxa8 Rxa8 22. b4 Bc7 23. Rd7 Rc8 24. Rad1 h6 25. gxh6 gxh6 26. Bxa7 Nhxf4 27.
Be3 Kg7 28. b5 Nh4 29. Kh1 Be5 30. c5 Nf5 31. c6 Nxe3 32. fxe3 Nd5 33. e4 Nc3
34. Rg1+ Kf8 35. Rb7 Bd4 36. Rf1 Nxb5 37. Rfxf7+ Kg8 38. Rfd7 Na7 39. Rxd4 1-0

[Event "African Individual Championshi"]
[Site "Windhoek"]
[Date "2007.09.05"]
[Round "5"]
[White "Magana, Ben"]
[Black "Abdelnabbi, Imed"]
[Result "0-1"]
[WhiteElo "2151"]
[BlackElo "2484"]
[PlyCount "76"]
[EventDate "2007.09.01"]

1. e4 c5 2. Nf3 d6 3. d4 cxd4 4. Nxd4 Nf6 5. Nc3 a6 6. Be2 e5 7. Nb3 Be7 8. O-O
O-O 9. Be3 Qc7 10. f4 Nbd7 11. Kh1 b5 12. Bd3 b4 13. Ne2 Ng4 14. Bg1 Re8 15.
Ng3 Ngf6 16. Nf5 Bf8 17. Be3 Bb7 18. fxe5 Nxe5 19. Nh6+ Kh8 20. Bd4 Re6 21.
Bxe5 dxe5 22. Ng4 Nxe4 23. Qf3 Nd6 24. Qf2 Rc8 25. Rae1 e4 26. Nd4 Rg6 27. Be2
Qc5 28. Bd1 h5 29. Qh4 Qxd4 30. Qxh5+ Kg8 31. Rxf7 Nxf7 32. Qxg6 Rc6 33. Qxe4
Qxe4 34. Rxe4 Rd6 35. Re1 Rd2 36. Ne3 Bc5 37. Bf3 Bxf3 38. gxf3 Ng5 0-1

[Event "African Individual Championshi"]
[Site "Windhoek"]
[Date "2007.09.05"]
[Round "5"]
[White "Frhat, Ali"]
[Black "Oatlhotse, Providence"]
[Result "1-0"]
[WhiteElo "2384"]
[BlackElo "2154"]
[PlyCount "89"]
[EventDate "2007.09.01"]

1. e4 c5 2. Nf3 d6 3. d4 cxd4 4. Nxd4 Nf6 5. Nc3 a6 6. Be3 e5 7. Nb3 Be6 8. Qd2
Nbd7 9. O-O-O Be7 10. f3 O-O 11. g4 b5 12. g5 b4 13. Ne2 Ne8 14. f4 a5 15. f5
a4 16. Nbd4 exd4 17. Nxd4 b3 18. Kb1 bxc2+ 19. Nxc2 Bb3 20. axb3 axb3 21. Na3
Ne5 22. Qg2 Qb8 23. f6 Bd8 24. h4 Ba5 25. Rh3 Bb4 26. Bc1 Nc7 27. Rxb3 Bxa3 28.
Rxb8 Rfxb8 29. Qc2 Ne6 30. Bc4 Nc5 31. Rxd6 Nb3 32. Bxb3 Bxd6 33. Bd5 Ra7 34.
Bf4 Rc7 35. Qh2 Re8 36. Qg3 Rd7 37. h5 g6 38. hxg6 hxg6 39. Qh3 Rc7 40. Bxe5
Rxe5 41. Qh6 Bf8 42. Qxg6+ Kh8 43. Bxf7 Rxg5 44. Qxg5 Rxf7 45. e5 1-0

[Event "African Individual Championshi"]
[Site "Windhoek"]
[Date "2007.09.05"]
[Round "5"]
[White "Van Den Heever, Donovan"]
[Black "Chumfwa, Stanley"]
[Result "1-0"]
[WhiteElo "2151"]
[BlackElo "2329"]
[PlyCount "75"]
[EventDate "2007.09.01"]

1. e4 c5 2. Nf3 d6 3. d4 cxd4 4. Nxd4 Nf6 5. Nc3 a6 6. Bc4 e6 7. Bb3 Be7 8. f4
Nc6 9. Be3 O-O 10. Qe2 Nxd4 11. Bxd4 b5 12. O-O-O b4 13. Na4 Qc7 14. Nb6 Rb8
15. Nxc8 Rbxc8 16. Bxf6 Bxf6 17. Qxa6 d5 18. e5 Be7 19. Qe2 Ra8 20. Rhf1 g6 21.
g4 Rfc8 22. h4 Ra5 23. h5 Rca8 24. hxg6 fxg6 25. Qd3 Rxa2 26. Bxa2 Rxa2 27. Qb3
Qa7 28. Kd2 Ra5 29. Ke2 Qc7 30. Ra1 Rc5 31. Ra8+ Kg7 32. Kd1 Rc4 33. Qa4 Rd4+
34. Kc1 Qc4 35. Qa6 Rxf4 36. Qxc4 dxc4 37. Rxf4 Bg5 38. Raf8 1-0

[Event "African Individual Championshi"]
[Site "Windhoek"]
[Date "2007.09.05"]
[Round "5"]
[White "Nyazi, Nehad"]
[Black "Pascoal, Eduardo A"]
[Result "0-1"]
[WhiteElo "2239"]
[BlackElo "2086"]
[PlyCount "74"]
[EventDate "2007.09.01"]

1. d4 Nf6 2. c4 e6 3. Nc3 d5 4. cxd5 exd5 5. Bg5 Be7 6. e3 c6 7. Qc2 Nbd7 8.
Bd3 O-O 9. Nge2 Re8 10. O-O-O Nf8 11. h3 b5 12. g4 a5 13. Ng3 a4 14. Kb1 Qa5
15. Nce2 Qb6 16. Rc1 Bd7 17. Nf5 Bxf5 18. Bxf5 Ra6 19. Nf4 b4 20. Qe2 Ra5 21.
h4 a3 22. b3 Bd6 23. Qc2 c5 24. Bxf6 Bxf4 25. g5 Bd6 26. Rhg1 c4 27. h5 cxb3
28. axb3 Bb8 29. Rg2 Ra7 30. Be5 a2+ 31. Ka1 Rxe5 32. g6 fxg6 33. hxg6 hxg6 34.
Rxg6 Nxg6 35. Qc8+ Nf8 36. Bh7+ Kf7 37. Rc6 Qb7 0-1

[Event "African Individual Championshi"]
[Site "Windhoek"]
[Date "2007.09.05"]
[Round "5"]
[White "Chambule, Pedro Lucas"]
[Black "Mamombe, Kudzanai"]
[Result "1/2-1/2"]
[WhiteElo "2096"]
[BlackElo "2089"]
[PlyCount "70"]
[EventDate "2007.09.01"]

1. e4 c6 2. Nf3 d5 3. exd5 cxd5 4. d4 Nf6 5. Bd3 Bg4 6. Bf4 Nc6 7. c3 e6 8.
Nbd2 Bd6 9. Bg5 Be7 10. O-O O-O 11. Re1 Rc8 12. Rc1 a6 13. Nf1 Qb6 14. Qe2 Bh5
15. Ng3 Bg6 16. Bxg6 hxg6 17. Ne5 Rfe8 18. Nxg6 fxg6 19. Qxe6+ Kf8 20. Ne2 Ba3
21. Qh3 Ne4 22. Nf4 Nxg5 23. Nxg6+ Kg8 24. Qh8+ Kf7 25. Qh5 Nxd4 26. Ne7+ g6
27. Nxc8 Qf6 28. Qg4 Rxe1+ 29. Rxe1 Ndf3+ 30. gxf3 Nxf3+ 31. Kh1 Nxe1 32. bxa3
Qxc3 33. Qd7+ Kf8 34. Qd6+ Kg7 35. Qe7+ Kh6 1/2-1/2

[Event "African Individual Championshi"]
[Site "Windhoek"]
[Date "2007.09.05"]
[Round "5"]
[White "Chimthere, Alfred Charles"]
[Black "Nadir, Samir"]
[Result "0-1"]
[WhiteElo "1968"]
[BlackElo "2164"]
[PlyCount "65"]
[EventDate "2007.09.01"]

1. Nf3 Nf6 2. d4 g6 3. c4 c5 4. e3 Bg7 5. Bd3 O-O 6. O-O cxd4 7. exd4 d5 8. c5
Bg4 9. h3 Bxf3 10. Qxf3 Nc6 11. Be3 e5 12. dxe5 Nxe5 13. Qe2 d4 14. Bg5 Qd5 15.
Bxf6 Bxf6 16. Nd2 Nxd3 17. Qxd3 Qxc5 18. Ne4 Qb6 19. Nd6 Qxd6 20. Rfd1 Rfd8 21.
Rac1 Rd7 22. Rc4 Rad8 23. Rdc1 Qe6 24. a4 Rd5 25. b4 R8d7 26. Rc8+ Kg7 27. Ra8
Rd8 28. Rxa7 Qb6 29. Ra5 Rxa5 30. bxa5 Qxa5 31. Qb5 Qxb5 32. axb5 d3 33. Kf1
0-1

[Event "African Individual Championshi"]
[Site "Windhoek"]
[Date "2007.09.06"]
[Round "6"]
[White "Gwaze, Robert"]
[Black "Aderito, Pedro"]
[Result "1/2-1/2"]
[WhiteElo "2413"]
[BlackElo "2305"]
[PlyCount "33"]
[EventDate "2007.09.01"]

1. e4 e6 2. d4 d5 3. exd5 exd5 4. Bd3 Bd6 5. Nf3 Ne7 6. O-O O-O 7. Re1 Nbc6 8.
a3 h6 9. Nc3 a6 10. h3 Be6 11. Na4 Re8 12. Nc5 Bc8 13. b4 a5 14. Rb1 axb4 15.
axb4 b6 16. Bb5 Rf8 17. c3 1/2-1/2

[Event "African Individual Championshi"]
[Site "Windhoek"]
[Date "2007.09.06"]
[Round "6"]
[White "Ezat, Mohamed"]
[Black "Belkhodja, Slim"]
[Result "1-0"]
[WhiteElo "2438"]
[BlackElo "2478"]
[PlyCount "117"]
[EventDate "2007.09.01"]

1. d4 d6 2. c4 e5 3. Nf3 e4 4. Ng5 Nf6 5. Nc3 Bf5 6. g4 Bxg4 7. Bg2 Nc6 8.
Ngxe4 Nxe4 9. Bxe4 Bh5 10. Qa4 Qd7 11. Qb5 d5 12. Nxd5 O-O-O 13. Be3 Bg6 14.
Bf3 Re8 15. Nc3 Bb4 16. Rg1 Be4 17. Bxe4 Rxe4 18. Rxg7 Rxd4 19. Bxd4 Qxd4 20.
Rg3 a6 21. Qd5 Qf6 22. Rf3 Bxc3+ 23. bxc3 Qg7 24. O-O-O Kb8 25. Qxf7 Qg5+ 26.
Kb2 Ne5 27. Qf6 Nxc4+ 28. Ka1 Qg8 29. Rfd3 Nd6 30. e4 Qe8 31. Rxd6 cxd6 32.
Qxd6+ Ka8 33. e5 Qc8 34. Kb2 Qc4 35. Qd4 Qe6 36. f4 Rc8 37. Qd7 Qc4 38. Rd3 Rc6
39. Qd4 Qb5+ 40. Kc2 Rb6 41. Qb4 Qc6 42. Qd4 Qb5 43. Rd1 Qe2+ 44. Rd2 Qb5 45.
Qb4 Qc6 46. Rd8+ Ka7 47. Qd4 Qg2+ 48. Kd3 Qf3+ 49. Kd2 Qg2+ 50. Ke1 Qh1+ 51.
Ke2 Qxh2+ 52. Qf2 Qh5+ 53. Kd2 Qf7 54. Ke1 Qc4 55. Rd6 Qxc3+ 56. Kf1 Qc1+ 57.
Kg2 Qc7 58. Rxb6 Qxb6 59. f5 1-0

[Event "African Individual Championshi"]
[Site "Windhoek"]
[Date "2007.09.06"]
[Round "6"]
[White "Abdel Razik, Khaled"]
[Black "Hassan, Sayed Barakat"]
[Result "1-0"]
[WhiteElo "2372"]
[BlackElo "2375"]
[PlyCount "76"]
[EventDate "2007.09.01"]

1. d4 d6 2. e4 Nf6 3. Nc3 g6 4. Be2 Bg7 5. g4 h6 6. Be3 c6 7. h3 Qa5 8. Bf3
Nbd7 9. Nge2 e5 10. Qd2 b5 11. O-O Bb7 12. Bg2 b4 13. Nd1 c5 14. d5 Ba6 15. Re1
Nb6 16. b3 Qa3 17. c4 bxc3 18. Nexc3 Qa5 19. Nb2 h5 20. a3 Nbd7 21. b4 Qc7 22.
g5 Nh7 23. Rec1 Rc8 24. bxc5 Nxc5 25. Nca4 O-O 26. Nxc5 dxc5 27. Rxc5 Qb7 28.
Rac1 Rxc5 29. Rxc5 Rb8 30. Ra5 Bf8 31. Kh2 Bd6 32. Nd3 f5 33. gxf6 Nxf6 34. Nc5
Bxc5 35. Bxc5 Rc8 36. Qg5 Qf7 37. Qxe5 Re8 38. Qd6 Nd7 1-0

[Event "African Individual Championshi"]
[Site "Windhoek"]
[Date "2007.09.06"]
[Round "6"]
[White "El Gindy, Essam"]
[Black "Sarwat, Walaa"]
[Result "1-0"]
[WhiteElo "2507"]
[BlackElo "2388"]
[PlyCount "73"]
[EventDate "2007.09.01"]

1. d4 d5 2. c4 c6 3. Nc3 Nf6 4. e3 g6 5. Nf3 Bg7 6. Be2 O-O 7. O-O dxc4 8. Bxc4
Nbd7 9. Bb3 Qa5 10. Bd2 Qh5 11. h3 e5 12. Nxe5 Nxe5 13. Qxh5 Nxh5 14. dxe5 Bxe5
15. Rfd1 Rd8 16. Ne4 Be6 17. Bxe6 fxe6 18. Bc3 Bxc3 19. bxc3 b6 20. g4 Ng7 21.
Nf6+ Kh8 22. f4 c5 23. e4 b5 24. a3 a5 25. Rxd8+ Rxd8 26. Rb1 b4 27. axb4 axb4
28. cxb4 cxb4 29. Rxb4 Rf8 30. e5 h6 31. Kg2 h5 32. Kf3 Ra8 33. Ke2 Rd8 34. Rb7
Rc8 35. Kd3 Rd8+ 36. Kc4 Rc8+ 37. Kb5 1-0

[Event "African Individual Championshi"]
[Site "Windhoek"]
[Date "2007.09.06"]
[Round "6"]
[White "Adu, Oladapo"]
[Black "Amin, Bassem"]
[Result "0-1"]
[WhiteElo "2294"]
[BlackElo "2535"]
[PlyCount "118"]
[EventDate "2007.09.01"]

1. Nf3 Nf6 2. g3 d5 3. Bg2 e6 4. O-O Be7 5. d3 b6 6. Nbd2 Bb7 7. e4 c5 8. Re1
Nc6 9. c3 Qc7 10. Qe2 h6 11. h4 O-O-O 12. a3 a5 13. e5 Nd7 14. c4 d4 15. h5 g5
16. hxg6 fxg6 17. Bh3 Nf8 18. Ne4 g5 19. Bd2 Kb8 20. b4 cxb4 21. axb4 Nxb4 22.
Reb1 Rg8 23. Bg4 Qc6 24. Bxb4 axb4 25. Qd2 Ng6 26. Rxb4 Bxb4 27. Qxb4 Nf4 28.
Ne1 Nxd3 29. Nxd3 Qxe4 30. f3 Qe3+ 31. Nf2 Qc3 32. Qa4 h5 33. Qa7+ Kc7 34. c5
Qxc5 35. Nd3 Ra8 36. Nxc5 Rxa7 37. Nxe6+ Kb8 38. Rxa7 Kxa7 39. Bxh5 d3 40. Kf2
Bc8 41. Nd4 d2 42. f4 g4 43. Nb5+ Kb8 44. Nc3 Rd8 45. Ke2 Be6 46. Bg6 Bc4+ 47.
Kd1 b5 48. Kc2 b4 49. Nd1 Kc7 50. Kb2 Be2 51. Bc2 Rh8 52. f5 Bxd1 53. Bxd1 Rh1
54. Kc2 b3+ 55. Kxd2 b2 56. Bc2 b1=Q 57. Bxb1 Rxb1 58. Ke3 Rb4 59. f6 Kd7 0-1

[Event "African Individual Championshi"]
[Site "Windhoek"]
[Date "2007.09.06"]
[Round "6"]
[White "Khetho, Phemelo"]
[Black "Adly, Ahmed"]
[Result "0-1"]
[WhiteElo "2240"]
[BlackElo "2488"]
[PlyCount "139"]
[EventDate "2007.09.01"]

1. e4 c5 2. Nc3 a6 3. f4 b5 4. d3 e6 5. Nf3 Bb7 6. g3 d5 7. Qe2 Nf6 8. exd5
Nxd5 9. Nxd5 Qxd5 10. Bg2 Be7 11. O-O Nc6 12. Ne5 Nd4 13. Bxd5 Nxe2+ 14. Kf2
Bxd5 15. Kxe2 f6 16. Nf3 c4 17. Be3 cxd3+ 18. cxd3 Kd7 19. Rfc1 Rhc8 20. a3 a5
21. Nd2 h5 22. h4 Ke8 23. Ne4 Kf7 24. Nc5 Rc7 25. Rc2 a4 26. Rac1 Rac8 27. Rc3
Kg6 28. Nxa4 Rxc3 29. Nxc3 Rb8 30. Nxd5 exd5 31. Bc5 Rc8 32. d4 Kf5 33. Kf3 g5
34. Rc3 Bd8 35. fxg5 fxg5 36. hxg5 Bxg5 37. Rb3 Re8 38. Bd6 Re1 39. Be5 Rf1+
40. Ke2 Rc1 41. Rxb5 Ke4 42. Rb3 Rc2+ 43. Kd1 Rc1+ 44. Ke2 Rc2+ 45. Kd1 Rc1+
46. Ke2 Rc2+ 47. Kd1 Rc1+ 48. Ke2 Rh1 49. a4 Rh2+ 50. Kd1 Rh1+ 51. Ke2 Rh2+ 52.
Kf1 Be3 53. Bf4 Bxd4 54. Rb5 h4 55. Bb8 Kf3 56. Ke1 Rh1+ 57. Kd2 Be3+ 58. Kd3
hxg3 59. Bxg3 Rd1+ 60. Kc2 Rd2+ 61. Kb3 Kxg3 62. Rb7 Kf3 63. a5 Rh2 64. Ka4 Rh1
65. b4 d4 66. Rd7 Ke2 67. b5 d3 68. b6 d2 69. b7 Rb1 70. a6 0-1

[Event "African Individual Championshi"]
[Site "Windhoek"]
[Date "2007.09.06"]
[Round "6"]
[White "Abdelnabbi, Imed"]
[Black "Van Den Heever, Donovan"]
[Result "1/2-1/2"]
[WhiteElo "2484"]
[BlackElo "2151"]
[PlyCount "88"]
[EventDate "2007.09.01"]

1. d4 d5 2. c4 c6 3. Nf3 Nf6 4. Nc3 a6 5. a4 e6 6. Qc2 Nbd7 7. Bg5 Bb4 8. cxd5
exd5 9. e3 O-O 10. Bd3 Be7 11. a5 Re8 12. O-O Nf8 13. h3 Ne4 14. Bf4 Bb4 15.
Nxe4 dxe4 16. Bxe4 Bxa5 17. Rfd1 Bc7 18. d5 Bxf4 19. exf4 cxd5 20. Ng5 Qf6 21.
Bxd5 Re7 22. Re1 Bf5 23. Qb3 Be6 24. Nxe6 fxe6 25. Qb4 Rf7 26. Bf3 Qxf4 27.
Qxf4 Rxf4 28. Bxb7 Rb8 29. Bf3 Rb6 30. b3 Rfb4 31. Be2 Rxb3 32. Bxa6 Rc3 33.
Be2 Rc7 34. Ra8 Kf7 35. Bd3 g6 36. Re3 Kg7 37. h4 Rbb7 38. Rg3 Ra7 39. Rxa7
Rxa7 40. h5 Ra5 41. hxg6 hxg6 42. Rg4 Ra1+ 43. Kh2 Ra3 44. Rd4 Ra7 1/2-1/2

[Event "African Individual Championshi"]
[Site "Windhoek"]
[Date "2007.09.06"]
[Round "6"]
[White "Onabogun, Kolade"]
[Black "Frhat, Ali"]
[Result "1/2-1/2"]
[WhiteElo "1890"]
[BlackElo "2384"]
[PlyCount "36"]
[EventDate "2007.09.01"]

1. e4 c5 2. Nf3 d6 3. c3 Nf6 4. h3 Nbd7 5. Bd3 g6 6. Bc2 Bg7 7. O-O O-O 8. d4
e5 9. dxe5 dxe5 10. Na3 b6 11. Qd2 Qe7 12. Rd1 Bb7 13. Nc4 h6 14. a4 Bc6 15. b4
a6 16. Rb1 cxb4 17. cxb4 Bxa4 18. Bxa4 b5 1/2-1/2

[Event "African Individual Championshi"]
[Site "Windhoek"]
[Date "2007.09.06"]
[Round "6"]
[White "Andrade, Ivan"]
[Black "Mandiza, Farai"]
[Result "1-0"]
[WhiteElo "2134"]
[BlackElo "2366"]
[PlyCount "77"]
[EventDate "2007.09.01"]

1. e4 e6 2. d4 d5 3. Nc3 Bb4 4. e5 c5 5. a3 Bxc3+ 6. bxc3 Qa5 7. Bd2 Qa4 8. Qb1
c4 9. Be2 Ne7 10. Nf3 Nbc6 11. h4 Bd7 12. h5 h6 13. Nh4 O-O-O 14. Rh3 g5 15.
hxg6 fxg6 16. g4 g5 17. Ng2 Ng6 18. Qb2 Rdf8 19. Be3 Qa5 20. O-O-O Nd8 21. Rdh1
Nf7 22. Rf3 Ne7 23. Qb4 Qd8 24. Rf6 Ng8 25. Bxg5 Nxf6 26. Bxf6 Qe8 27. f4 Rh7
28. Ne3 b6 29. g5 Rg8 30. Kd2 Rg6 31. a4 Qg8 32. a5 hxg5 33. axb6 axb6 34. Rb1
b5 35. Qc5+ Kb7 36. Ra1 Qb8 37. Nxc4 bxc4 38. Rb1+ Ka8 39. Qa3+ 1-0

[Event "African Individual Championshi"]
[Site "Windhoek"]
[Date "2007.09.06"]
[Round "6"]
[White "Pascoal, Eduardo A"]
[Black "Solomon, Kenny"]
[Result "1/2-1/2"]
[WhiteElo "2086"]
[BlackElo "2344"]
[PlyCount "77"]
[EventDate "2007.09.01"]

1. d4 Nf6 2. Nf3 c5 3. e3 d5 4. c3 Qb6 5. Bd3 Bg4 6. Nbd2 Nc6 7. O-O e6 8. Qa4
c4 9. Bb1 Bd6 10. b3 cxb3 11. axb3 O-O 12. c4 Bb4 13. Ba3 Bxa3 14. Qxa3 a5 15.
Rc1 Rfd8 16. h3 Bh5 17. Bd3 Bg6 18. Bxg6 hxg6 19. Nb1 Ne4 20. Nc3 Nxc3 21. Rxc3
f6 22. Qc1 Kf7 23. Qc2 Rh8 24. cxd5 exd5 25. Rc5 Rad8 26. Rc1 Qc7 27. e4 dxe4
28. Qxe4 Rhe8 29. Qc2 Qd6 30. Qc4+ Kf8 31. d5 Ne5 32. Nxe5 Rxe5 33. Rxa5 Rxd5
34. Rxd5 Qxd5 35. Qb4+ Kf7 36. Rc7+ Rd7 37. Rxd7+ Qxd7 38. Qc4+ Kf8 39. h4
1/2-1/2

[Event "African Individual Championshi"]
[Site "Windhoek"]
[Date "2007.09.06"]
[Round "6"]
[White "Chumfwa, Stanley"]
[Black "Chambule, Pedro Lucas"]
[Result "1/2-1/2"]
[WhiteElo "2329"]
[BlackElo "2096"]
[PlyCount "138"]
[EventDate "2007.09.01"]

1. e4 c6 2. d4 d5 3. Nd2 dxe4 4. Nxe4 Nd7 5. Ng5 Ngf6 6. Bd3 h6 7. Ne6 Qa5+ 8.
Bd2 Qb6 9. Nxf8 Nxf8 10. Nf3 Bg4 11. c3 N8d7 12. O-O O-O 13. h3 Bxf3 14. Qxf3
e5 15. Bf5 Rad8 16. Qg3 Kh8 17. dxe5 Nxe5 18. Bxh6 gxh6 19. Qxe5 c5 20. Rad1
Rfe8 21. Qf4 Kg7 22. b3 Qc6 23. c4 b6 24. Qg3+ Kh8 25. Qh4 Kg7 26. Qg3+ Kh8 27.
Qf4 Ng8 28. Bg4 Qf6 29. Qc7 Rxd1 30. Rxd1 Re7 31. Qb8 Qe5 32. Qxe5+ Rxe5 33. f4
Re7 34. Kf2 Kg7 35. Bf5 Nf6 36. Kf3 Ne8 37. g4 f6 38. h4 Kf7 39. h5 Kg7 40. Rd8
Nc7 41. Rd7 Kf8 42. Rxe7 Kxe7 43. Ke4 Na6 44. a3 Nc7 45. Bc8 Kf7 46. Kf5 Ne8
47. Be6+ Kg7 48. Bd5 Nc7 49. Bb7 Kf7 50. Bc6 Kg7 51. a4 Kf7 52. Bb7 Kg7 53. Bd5
a6 54. Bb7 Kf7 55. Bc8 Ne8 56. Be6+ Kg7 57. Bd5 Nc7 58. Bb7 Kf7 59. g5 fxg5 60.
fxg5 hxg5 61. Kxg5 b5 62. cxb5 axb5 63. a5 c4 64. bxc4 bxc4 65. h6 c3 66. Be4
Kg8 67. Kf6 Na6 68. Ke5 Nb4 69. Kd4 Nc6+ 1/2-1/2

[Event "African Individual Championshi"]
[Site "Windhoek"]
[Date "2007.09.06"]
[Round "6"]
[White "Nadir, Samir"]
[Black "Nyazi, Nehad"]
[Result "1-0"]
[WhiteElo "2164"]
[BlackElo "2239"]
[PlyCount "135"]
[EventDate "2007.09.01"]

1. d4 Nf6 2. e3 g6 3. f4 Bg7 4. Nf3 d6 5. Bd3 O-O 6. O-O Nc6 7. c3 e5 8. Nbd2
Qe7 9. fxe5 dxe5 10. Bb5 Ng4 11. Nc4 Be6 12. b3 Bxc4 13. bxc4 exd4 14. Bxc6
dxe3 15. Qd7 Qc5 16. Qxg4 e2+ 17. Rf2 bxc6 18. Bd2 Rad8 19. Re1 Rfe8 20. Qg5 f5
21. Rexe2 Qxc4 22. Rxe8+ Rxe8 23. Qf4 Qc5 24. Qxc7 h6 25. Qd7 Re2 26. Nd4 Re7
27. Qxc6 Bxd4 28. Qa8+ Kh7 29. cxd4 Qxd4 30. Qf3 a6 31. Qf4 Qxf4 32. Bxf4 Re1+
33. Rf1 Re2 34. a3 g5 35. Bd6 Kg6 36. Rb1 f4 37. Rb6 Kf5 38. Bb4 h5 39. Rxa6 g4
40. Ra5+ Ke4 41. Rxh5 g3 42. hxg3 fxg3 43. Rg5 Re3 44. Rg8 Rb3 45. Be1 Rxa3 46.
Bxg3 Kf5 47. Kh2 Ra6 48. Rb8 Rh6+ 49. Kg1 Ra6 50. Rb2 Kg4 51. Bb8 Rf6 52. Rb4+
Kg5 53. g3 Rf7 54. Kg2 Rd7 55. Bf4+ Kg4 56. Be3+ Kf5 57. Kf3 Rd3 58. Rb5+ Kg6
59. Ke4 Rd1 60. g4 Re1 61. Rb6+ Kg7 62. Kf4 Re2 63. Bd4+ Kf7 64. Kf5 Re1 65.
Rb7+ Kf8 66. Bf6 Rg1 67. g5 Rh1 68. Rb8+ 1-0

[Event "African Individual Championshi"]
[Site "Windhoek"]
[Date "2007.09.06"]
[Round "6"]
[White "Alice, Mateus Felizardo Via"]
[Black "Solomons, Deon"]
[Result "1/2-1/2"]
[WhiteElo "2255"]
[BlackElo "2233"]
[PlyCount "102"]
[EventDate "2007.09.01"]

1. e4 e5 2. Nf3 Nc6 3. Bb5 a6 4. Ba4 Nf6 5. O-O Be7 6. Re1 b5 7. Bb3 O-O 8. a4
b4 9. d3 d6 10. h3 Na5 11. Ba2 Rb8 12. Nbd2 Be6 13. Nc4 Nxc4 14. Bxc4 a5 15.
Nh2 c6 16. Bxe6 fxe6 17. f4 exf4 18. Bxf4 e5 19. Bg3 Qe8 20. Ng4 Qg6 21. Nxf6+
Bxf6 22. Bf2 Rf7 23. Re3 Bg5 24. Rf3 Bf4 25. Qe2 Qe6 26. g3 Bh6 27. Rxf7 Qxf7
28. b3 Qe6 29. Kg2 d5 30. Rf1 Bg5 31. Bg1 Be7 32. Qe3 c5 33. exd5 Qxd5+ 34. Qf3
Qe6 35. Qe4 Rd8 36. Rf5 Rd5 37. Be3 g6 38. Rf3 Kg7 39. Rf2 Rd7 40. Bf4 Bf6 41.
Re2 Qd5 42. Qxd5 Rxd5 43. Be3 Kf7 44. Kf3 Ke6 45. Ke4 Be7 46. Rf2 Rd8 47. Rf3
Rd7 48. Rf1 Rd8 49. Rf3 Rd7 50. g4 Rd8 51. Rf1 Rg8 1/2-1/2

[Event "African Individual Championshi"]
[Site "Windhoek"]
[Date "2007.09.06"]
[Round "6"]
[White "Mwali, Chitumbo"]
[Black "Magana, Ben"]
[Result "0-1"]
[WhiteElo "2163"]
[BlackElo "2151"]
[PlyCount "74"]
[EventDate "2007.09.01"]

1. c4 e6 2. g3 d5 3. Bg2 Nf6 4. Nf3 Bd6 5. O-O O-O 6. d4 Nbd7 7. Qc2 c6 8. Rd1
Qe7 9. Nbd2 e5 10. cxd5 cxd5 11. dxe5 Nxe5 12. Nxe5 Qxe5 13. Nf3 Qh5 14. Qb3
Be6 15. Qxb7 Bc5 16. Bf4 Ne4 17. e3 g5 18. Rxd5 Bxd5 19. Qxd5 Rad8 20. Qxe4
gxf4 21. gxf4 Rfe8 22. Qc2 Rd6 23. Ng5 Bb6 24. Bf3 Qh4 25. Qf5 Re7 26. Bd5 Qh5
27. Bf3 Qh4 28. Rc1 Rd2 29. Rf1 Bxe3 30. Qc8+ Kg7 31. Qc3+ Kg8 32. Qc8+ Kg7 33.
Nh3 Bxf4 34. Kh1 Rd6 35. Bg4 Rg6 36. Bf5 Rg5 37. Nxg5 Qxh2# 0-1

[Event "African Individual Championshi"]
[Site "Windhoek"]
[Date "2007.09.06"]
[Round "6"]
[White "Tjipueja, Werner"]
[Black "Eichab, Charles"]
[Result "0-1"]
[WhiteElo "2083"]
[BlackElo "2062"]
[PlyCount "70"]
[EventDate "2007.09.01"]

1. e4 c5 2. Nf3 d6 3. c3 Nf6 4. Bc4 e6 5. d3 Be7 6. O-O O-O 7. Bf4 Nc6 8. a4 d5
9. exd5 exd5 10. Ba2 Bg4 11. Nbd2 Nh5 12. Bg3 Qd7 13. Re1 Nxg3 14. hxg3 Bf6 15.
Qb3 Rfd8 16. Rac1 Rac8 17. Bb1 Be6 18. d4 Na5 19. Qc2 g6 20. dxc5 Rxc5 21. Ne5
Qc7 22. b4 Bxe5 23. bxc5 Bg7 24. Qd1 Qxc5 25. Ne4 Qe7 26. Nd2 Rc8 27. Nb3 Nxb3
28. Qxb3 Qc7 29. Qd1 Bxc3 30. Ba2 Qa5 31. Re3 Rc6 32. Qb3 Bd4 33. Ree1 Rxc1 34.
Rxc1 Bxf2+ 35. Kh2 Qd2 0-1